000 01630nam a2200181Ia 4500
005 20260225135611.0
008 260225s9999 xx 000 0 und d
020 _a9780415284202
082 _a338.74
_bBAL
100 _aBalmer, John M. T.
245 0 _aRevealing the Corporation /
_cBalmer, John M. T.; Greyser, Stephen A.
260 _bPsychology Press,
_c2003
300 _a365 pages
520 _aAn international and multidisciplinary collection, edited by pioneers in the field, this work captures the quintessence of the corporation and its many inner and outer manifestations, presenting readers with a new approach to the subject area. Fully revised and updated with the original contributions contextualized by the editors' analyses and commentary to draw them together into a coherent whole, this anthology affords readers a new way of comprehending organizations. This new edition features a new introductory section to branding and public relations, contextualizing the rest of the volume new case vignettes for each section with enhanced pedagogy to enable reader reflection on the themes examined new readings and an updated Harvard style case study revised and updated commentary and analysis from the editors Filled with illuminating articles that stem from the 1950s to the present day, highlighting both practitioner and scholarly perspectives on the subject, this reader is an essential text for all students of marketing, reputation, business and corporate strategy, public relations, communications and branding.
650 _aBusiness & Economics
700 _aGreyser, Stephen A.
942 _cENGLISH
999 _c615559
_d615559